Maths - Doubling - Statistics

General Stats
  • This quiz has been taken 7,193 times
  • The average score is 14 of 21
Answer Stats
Hint Answer % Correct
2
100%
1
99%
4
98%
8
97%
16
95%
32
94%
64
92%
128
91%
256
89%
512
85%
1024
84%
2048
81%
4096
75%
8192
59%
16384
44%
32768
32%
65536
19%
131072
11%
262144
9%
524288
6%
1048576
4%
No matching quizzes found
Score Distribution
Percent of People with Each Score
Percentile by Number Answered
Your Score History
You have not taken this quiz